01364nam a2200301 a 450000100100000000500170001000800410002702000150006804000250008308200180010810000320012624000730015824501720023126000530040349000140045653400800047065000260055065000340057665000410061065000390065170000370069070000370072783000230076404900090078795201220079695201270091899900170104500002476720260415212155.0110203s1985 sp r 000 0 spa d a8434410478 aDO-SdBNPbspacBNPHU a331.11bS387i1 aSchultz, Theodore W.95082810aInvesting in people the economics of population quality.lEspañol.10aInvirtiendo en la gente :bla cualificación personal como motor económico /cTheodore W. Schultz ; traducción de Marta I. Guastavino ; prólogo John M. Letiche. aBarcelona, (España) :bEditorial Ariel,c1985.1 aArielv47 aTítulo original:tInvesting in people the economics of population quality 0aCapital humano950829 4aEconomía del trabajo949793 0aEmpleados xCapacitación de927690 0aAdministración de personal915811 aGuastavino, Marta I.etr.9484491 aLetiche, John M.epról.950830 0aAriel ;v47933302 aBNGR 001054708MOaGRbGRcCTd2011-02-03iLF1l0o331.11 S387ip24767-10r2020-06-25w2020-06-25y4ZPréstamo en sala 001054728MOaGRbGRcCTd2011-02-03iLF1l0o331.11 S387ip24767-20r2020-06-25te.2w2020-06-25y4ZPréstamo en sala c24260d24260